ODSTRAŇOVANIE METÁNU PRI ÚPRAVE PITNEJ VODY

Bibliographic Details
Main Authors: Büchlerová, Elena (Author), Brtko, Juraj (Author), Munka, Karol (Author), Šuster, Ladislav (Author)
Format: Article
Language:Slovak

MARC

LEADER 00000nab a2200000uu 4500
001 vtls011149172
003 SK-MaSNL
005 20260303111144.0
008 230121|1995 xo |||||||||||||||||slo|
015 |a SNBRB 
035 |a (urnnbn)urn:nbn:sk:snk:ar-a09yju 
035 |a (uuid)cfdf01aa-b7b4-41f6-b69c-f86dc5579473 
035 |a urn:nbn:sk:snk-abaz45 
040 |a SNKBUCL  |b slo  |c SNKBUCL  |e AACR2 
041 0 |a slo 
044 |a xo  |c SK 
100 1 |a Büchlerová, Elena  |4 aut  |9 321555 
245 1 0 |a ODSTRAŇOVANIE METÁNU PRI ÚPRAVE PITNEJ VODY  |c Elena Büchlerová, Juraj Brtko, Karol Munka, Ladislav Šuster 
700 1 |a Brtko, Juraj  |4 aut  |9 8532 
700 1 |a Munka, Karol  |4 aut  |9 313232 
700 1 |a Šuster, Ladislav  |4 aut  |9 315105 
773 0 |t Vodohospodársky spravodajca  |g Roč. 38, č. 8 (1995), s. 5-7 
954 |a odborná, vedecká literatúra pôvodná (slovenská)  |2 lita 
958 |a OND 
958 |a EUIPO 
958 |a article14 
999 |c 1875111  |d 1877041